|
|
|
|
| LEADER |
01008nam a2200277 a 4500 |
| 001 |
14567483 |
| 008 |
120130s2006 dcuab b 001 0 eng |
| 010 |
|
|
|a 2006283519
|
| 020 |
|
|
|a 0821363972
|
| 020 |
|
|
|a 9780821363973
|
| 040 |
|
|
|a DLC
|c DLC
|d DLC
|d BD-DhAAL
|
| 043 |
|
|
|a fb-----
|
| 050 |
0 |
0 |
|a RA552.S8
|b D57 2006
|
| 082 |
0 |
0 |
|a 362.10967
|2 22
|
| 245 |
0 |
0 |
|a Disease and mortality in Sub-Saharan Africa /
|c editors, Dean T. Jamison ... [et al.]
|
| 250 |
|
|
|a 2nd ed.
|
| 260 |
|
|
|a Washington, D.C. :
|b World Bank,
|c c2006.
|
| 300 |
|
|
|a xxii, 387 p. :
|b ill., maps ;
|c 29 cm.
|
| 504 |
|
|
|a Includes bibliographical references and index.
|
| 541 |
|
|
|e 00024414
|
| 650 |
|
0 |
|a Public health
|z Africa, Sub-Saharan.
|
| 700 |
1 |
|
|a Jamison, Dean T.
|
| 710 |
2 |
|
|a World Bank.
|
| 852 |
1 |
|
|a James P Grant School of Public Health
|c General Shelf.
|
| 999 |
|
|
|c 11836
|d 11836
|
| 952 |
|
|
|0 0
|1 0
|2 ddc
|4 0
|6 362_109670000000000_DIS
|7 0
|9 19346
|a JPGSPH
|b JPGSPH
|c GEN
|d 2012-01-31
|l 0
|o 362.10967 DIS
|p 3060024414
|r 2012-01-31
|t 1
|w 2012-01-31
|y BK
|